The economics of terrorism / (Record no. 118709)
[ view plain ]
| 000 -LEADER | |
|---|---|
| fixed length control field | 00642cam a2200205 i 4500 |
| 001 - CONTROL NUMBER | |
| control field | 18813066 |
| 005 - DATE AND TIME OF LATEST TRANSACTION | |
| control field | 20200928094028.0 |
| 008 - FIXED-LENGTH DATA ELEMENTS--GENERAL INFORMATION | |
| fixed length control field | 151009t20162016enka b 001 0 eng |
| 020 ## - INTERNATIONAL STANDARD BOOK NUMBER | |
| International Standard Book Number | 9781138121911 (hbk : alk. paper) |
| 040 ## - CATALOGING SOURCE | |
| Transcribing agency | PK-LaUMT |
| 082 00 - DEWEY DECIMAL CLASSIFICATION NUMBER | |
| Classification number | 363.325 |
| Edition number | 23 |
| Item number | PHI-E |
| 100 1# - MAIN ENTRY--PERSONAL NAME | |
| Personal name | Phillips, Peter J. |
| 245 14 - TITLE STATEMENT | |
| Title | The economics of terrorism / |
| Statement of responsibility, etc | by Peter J. Phillips |
| 260 ## - PUBLICATION, DISTRIBUTION, ETC. (IMPRINT) | |
| Place of publication, distribution, etc | London : |
| Name of publisher, distributor, etc | Routledge, |
| Date of publication, distribution, etc | 2016 |
| 300 ## - PHYSICAL DESCRIPTION | |
| Extent | xvi, 195 p. : |
| Other physical details | illustrations ; |
| Dimensions | 25 cm. |
| 490 0# - SERIES STATEMENT | |
| Series statement | Routledge studies in the modern world economy ; |
| Volume number/sequential designation | 153 |
| 650 #0 - SUBJECT ADDED ENTRY--TOPICAL TERM | |
| Topical term or geographic name as entry element | Terrorism |
| General subdivision | Economic aspects. |
| 650 #0 - SUBJECT ADDED ENTRY--TOPICAL TERM | |
| Topical term or geographic name as entry element | Terrorism |
| General subdivision | Prevention. |
| 942 ## - ADDED ENTRY ELEMENTS (KOHA) | |
| Koha item type | Books |
| Withdrawn status | Lost status | Damaged status | Home library | Current library | Date acquired | Full call number | Barcode | Date last seen | Price effective from | Koha item type |
|---|---|---|---|---|---|---|---|---|---|---|
| UMT Main Campus | UMT Main Campus | 2020-09-28 | 363.325 PHI-E | 135135 | 2020-09-28 | 2020-09-28 | Books |
